Harga Sebuah Tragedi / (Record no. 3889)

000 -LEADER
fixed length control field nam a22 7a 4500
005 - DATE AND TIME OF LATEST TRANSACTION
control field 20170524120511.0
008 - FIXED-LENGTH DATA ELEMENTS--GENERAL INFORMATION
fixed length control field 170524b1988 my ||||| |||| 00| 0 may d
040 ## - CATALOGING SOURCE
Original cataloging agency AKMAL
082 ## - DEWEY DECIMAL CLASSIFICATION NUMBER
Classification number 899.283 SAL
090 ## - LOCALLY ASSIGNED LC-TYPE CALL NUMBER (OCLC); LOCAL CALL NUMBER (RLIN)
Classification number (OCLC) (R) ; Classification number, CALL (RLIN) (NR) 899.283
Local cutter number (OCLC) ; Book number/undivided call number, CALL (RLIN) SAL
100 ## - MAIN ENTRY--PERSONAL NAME
Personal name H.M. Salleh
9 (RLIN) 7671
245 ## - TITLE STATEMENT
Title Harga Sebuah Tragedi /
Statement of responsibility, etc. H.M. Salleh
260 ## - PUBLICATION, DISTRIBUTION, ETC.
Place of publication, distribution, etc. Kajang, Selangor :
Name of publisher, distributor, etc. Mastika Publisher,
Date of publication, distribution, etc. 1988
300 ## - PHYSICAL DESCRIPTION
Extent 110p
Dimensions cm
942 ## - ADDED ENTRY ELEMENTS (KOHA)
Source of classification or shelving scheme
Koha item type Book
Holdings
Withdrawn status Lost status Source of classification or shelving scheme Damaged status Not for loan Collection code Home library Current library Shelving location Date acquired Inventory number Full call number Barcode Date last seen Price effective from Koha item type Public note
          FICTION AKMAL Melaka AKMAL Melaka PINJAMAN 24.05.2017 800343 899.283 SAL 201705149 24.05.2017 24.05.2017 Book Dilupuskan. No. Fail. ARKIBMLK.600-6/9/1 Jld.8 ( )
Pusat Sumber Maklumat Dato' Haji Sarmin Md Hussin, Akademi Kastam Diraja Malaysia, Melaka
Tel: 06-2331106 | Faks: 06-2313787